El delito culposo o imprudente en Derecho penal y su regulación en el COI (Registro nro. 168387)

Detalles MARC
000 -LEADER
fixed length control field 02160nam a22002657a 4500
007 - PHYSICAL DESCRIPTION FIXED FIELD--GENERAL INFORMATION
fixed length control field cr|||| ||||
008 - FIXED-LENGTH DATA ELEMENTS--GENERAL INFORMATION
fixed length control field 200302s2019 es |||||s|||| 00||0 spa d
020 ## - INTERNATIONAL STANDARD BOOK NUMBER
International Standard Book Number 978-84-121260-7-5
035 ## -
-- 31122
040 ## - CATALOGING SOURCE
Original cataloging agency vLex
090 ## -
-- 10151
-- 10151
100 1# - MAIN ENTRY--PERSONAL NAME
Personal name Calderón Tello, Lyonel
245 12 - TITLE STATEMENT
Title El delito culposo o imprudente en Derecho penal y su regulación en el COI
Medium [Recurso electrónico] /
Statement of responsibility, etc Lyonel Calderón Tello
256 ## -
-- Servicio en línea
260 ## - PUBLICATION, DISTRIBUTION, ETC. (IMPRINT)
Place of publication, distribution, etc Barcelona:
Name of publisher, distributor, etc J.M. Bosch Editor,
Date of publication, distribution, etc 2019
300 ## - PHYSICAL DESCRIPTION
Extent 1 recurso electrónico
500 ## - GENERAL NOTE
General note En este trabajo, se adopta una postura que explica que el tipo objetivo del delito imprudente no difiere en absoluto respecto del tipo objetivo del delito doloso y, por tanto, su diferenciación está en el lado subjetivo del tipo. La primera consecuencia relevante sería que la imputación objetiva y sus subinstitutos dogmáticos rigen de igual modo en ambas modalidades. Para construir nuestra postura hemos partido del par normativo-intelectivo conocimiento/no conocimiento relevante jurídico- penalmente. Además, hemos propuesto una normativización de las especies de culpa que las entienda no como consciente/inconsciente, sino como previsible/no previsible. Por último, se aborda la cuestión de la gravedad de la culpa y aunque se señala que aquella no agrega nada al problema de la determinación de la imprudencia, como el legislador (en algunos supuestos) la ha previsto, es necesario dar una fundamentación penal de aquella sobre todo para lograr encajar su ubicación sistemática.
506 1# - RESTRICTIONS ON ACCESS NOTE
Terms governing access Disponible solo en los productos indicados”
Authorized users vLex Global
-- vLex Global (Academic Edition, excluding Law Schools)
-- vLex Global (U.S. Academic Edition, Law Schools)
-- vLex Global (U.S. Academic Edition, excluding Law Schools)
-- vLex Global (Academic Edition, Law Schools)
650 04 - SUBJECT ADDED ENTRY--TOPICAL TERM
Topical term or geographic name as entry element Derecho Penal
Geographic subdivision España
650 04 - SUBJECT ADDED ENTRY--TOPICAL TERM
Topical term or geographic name as entry element Procedimiento Penal
Geographic subdivision España
740 0# -
-- vLex Libros (Servicio en línea)
856 40 - LOCALIZACIÓN Y ACCESO ELECTRÓNICO
Identificador Uniforme del Recurso (URI/URL) https://app.vlex.com/#/sources/delito-culposo-o-imprudente-en-derecho-penal-y-su-regulacion-en-el-coip-31122
942 ## -
-- RAA
999 ## -
-- 168387
-- 168387

No hay ítems disponibles.


CONTACTO


NOSOTROS


SITIOS DE INTERES

coordinacion.biblioteca.biblioteca@unienlinea.mx Misión, Visión y Objetivos Bases de datos
Directorio Bibliotecas Digitales y Repositorios
Normatividad Revistas y artículos
Convenios interbibliotecarios
Boletines



Hecho en México. Universidad Insurgentes (UIN). Todos los derechos reservados 2024. Esta página y sus contenidos pueden ser reproducidos con fines no lucrativos, siempre y cuando no se mutile, se cite la fuente completa y su dirección electrónicas. De otra forma requiere permiso previo por escrito de la institución




2024 Copyright Universidad Insurgentes | www.bibliouin.com.mx